000 00640cam a2200229 4500500
005 20260405002459.0
041 _afre
042 _adc
100 1 0 _aDenieuil, Marie
_eauthor
245 0 0 _aDes souvenirs fondateurs
260 _c2017.
500 _a17
690 _aArne Naess
690 _aBenjamin
690 _aDescartes
690 _aMontaigne
690 _aRousseau
690 _aSartre
690 _aSimone de Beauvoir
786 0 _nPhilosophie magazine | 110 | 6 | 2017-06-01 | p. 22-23 | 1951-1787
856 4 1 _uhttps://shs.cairn.info/magazine-philosophie-magazine-2017-6-page-22?lang=fr&redirect-ssocas=7080
999 _c2058061
_d2058061